|
|
|
|
| LEADER |
00843nam a22002291 4500 |
| 001 |
c000370504 |
| 003 |
CARM |
| 005 |
00000000000000.0 |
| 008 |
851211s1962 sz 0 ger d |
| 019 |
1 |
|
|a 4180209
|5 LACONCORD2021
|
| 035 |
|
|
|a (OCoLC)294109
|5 LACONCORD2021
|
| 100 |
1 |
|
|a Strich, Fritz.
|
| 245 |
1 |
0 |
|a Deutsche Klassik und Romantik oder Vollendung und Unendlichkeit :
|b ein Vergleich.
|
| 250 |
|
|
|a 5.Aufl.
|
| 260 |
|
|
|a Bern :
|b Francke,
|c 1962.
|
| 650 |
|
0 |
|a German literature
|y 18th century.
|
| 650 |
|
0 |
|a German literature
|y 19th century.
|
| 650 |
|
0 |
|a Romanticism
|z Germany.
|
| 852 |
8 |
|
|b CARM
|h A1:AM26E0
|i C10187
|p 0433964
|f BK
|
| 082 |
0 |
4 |
|a 830.9006
|
| 999 |
f |
f |
|i 5cdf414c-d803-5027-a578-5c17127ca10b
|s 29465495-9afa-563c-85bb-cda752feb12b
|
| 952 |
f |
f |
|p Can circulate
|a CAVAL
|b CAVAL
|c CAVAL
|d CARM 1 Store
|e C10187
|f A1:AM26E0
|h Other scheme
|i book
|m 0433964
|